书目信息 |
| 题名: |
结构工程与振动研究报告集
|
|
| 作者: | 陈志鹏 , 江见鲸 主编 | |
| 分册: | 7 | |
| 出版信息: | 北京 清华大学出版社 2006.04 |
|
| 页数: | 226页 | |
| 开本: | 26cm | |
| 丛书名: | ||
| 单 册: | ||
| 中图分类: | TU3-53 | |
| 科图分类: | ||
| 主题词: | 结构振动--jie gou zhen dong--研究报告--英文--文集 , 结构工程--jie gou gong cheng--研究报告--英文--文集 | |
| 电子资源: | ||
| ISBN: | 7-302-10148-5 | |
| 000 | 01105nam0 2200253 450 | |
| 001 | 012007979812 | |
| 005 | 20071010101411.12 | |
| 010 | @a7-302-10148-5@dCNY30.00 | |
| 100 | @a20070524d2006 km y0chiy0120 ea | |
| 101 | 0 | @aeng |
| 102 | @aCN@b110000 | |
| 105 | @aa z 000yy | |
| 200 | 1 | @a结构工程与振动研究报告集@Ajie gou gong cheng yu zhen dong yan jiu bao gao ji@d= Research reports of structural engineering and vibration@h7@f陈志鹏, 江见鲸主编@Fchen zhi peng,jiang jian jing zhu bian@zeng |
| 210 | @a北京@c清华大学出版社@d2006.04 | |
| 215 | @a226页@c图@d26cm | |
| 330 | @a本报告集收录清华大学“结构工程与振动教育部重点实验室”研究基金资助课题的论文22篇。内容涉及土木、水利、结构、力学、机械、材料、振动、实验技术等学科。 | |
| 510 | 1 | @aResearch reports of structural engineering and vibration@h7@zeng |
| 606 | 0 | @a结构振动@Ajie gou zhen dong@x研究报告@x英文@j文集 |
| 606 | 0 | @a结构工程@Ajie gou gong cheng@x研究报告@x英文@j文集 |
| 690 | @aTU3-53@v4 | |
| 701 | 0 | @a陈志鹏@Achen zhi peng@4主编 |
| 701 | 0 | @a江见鲸@Ajiang jian jing@4主编 |
| 801 | 0 | @aCN@c20071010 |
| 905 | @dTU3-53@eC654:7 | |
| 结构工程与振动研究报告集= Research reports of structural engineering and vibration.7/陈志鹏, 江见鲸主编.-北京:清华大学出版社,2006.04 |
| 226页:图;26cm |
| ISBN 7-302-10148-5:CNY30.00 |
| 本报告集收录清华大学“结构工程与振动教育部重点实验室”研究基金资助课题的论文22篇。内容涉及土木、水利、结构、力学、机械、材料、振动、实验技术等学科。 |
| ● |
| 相关链接 |
|
|
|
正题名:结构工程与振动研究报告集
索取号:TU3-53/C654:7
 
预约/预借
| 序号 | 登录号 | 条形码 | 馆藏地/架位号 | 状态 | 备注 |
| 1 | 243184 | 202431840 | 建筑库101/101建筑库 76排2列5层/ [索取号:TU3-53/C654:7] | 在馆 | |
| 2 | 243185 | 202431859 | 建筑库101/101建筑库 76排2列5层/ [索取号:TU3-53/C654:7] | 在馆 | |
| 3 | 243186 | 202431868 | 建筑库101/101建筑库 76排2列5层/ [索取号:TU3-53/C654:7] | 在馆 |